00563pab a2200169 454500008004000000100001900040245009800059260000900157300001400166362000800180650002900188650002000217773002500237909001000262999001700272952010400289180718b2003 xxu||||| |||| 00| 0 eng d aBarnes, Andrew aWhat do we know now? postcommunity economic reform through a Russian lens ( a review article) c2003 ap.477-97. aJul aEconomic reform - Russia aEconomic reform aComparative Politics a57806 c57806d57806 00104070aIIPAbIIPAd2018-07-19hVolume no: 35, Issue no: 4pAR58251r2018-07-19w2018-07-19yAR